000 00315nam a22001217a 4500
008 190313b xxu||||| |||| 00| 0 eng d
041 _aeng
080 _a043.3
100 _a0
101 _aSHKI-BA
245 _aMenaxhimi i Kualitetit te Ajrit- duke perdorur Wireless Sensor network
_cCakolli, F
942 _2udc
_cBK
999 _c54774
_d54774